Don't Go West ! - United States - Statistics

General Stats
  • This quiz has been taken 52,495 times
  • The average score is 10 of 18
Answers on the Map
Answers color-coded by a green-red scale on the quiz's map according to % correct below.
 
Answer Stats
Answer % Correct
Los Angeles
85%
Las Vegas
72%
Phoenix
71%
Seattle
68%
Denver
64%
Boston
59%
Kansas City
59%
Dallas
54%
Detroit
53%
New York
53%
Indianapolis
51%
Chicago
48%
Washington D.C.
47%
El Paso
43%
Charlotte
40%
New Orleans
40%
Miami
33%
Atlanta
16%
No matching quizzes found
Score Distribution
Percent of People with Each Score
Percentile by Number Answered
Your Score History
You have not taken this quiz